Score 0/24 Timer 04:00
3 Plays Today
Hint Answer % Correct
Milk
97%
Onion
96.8%
Pooh
95.3%
Yo-Yo
94.9%
Monopoly
94.6%
Mummy
93.4%
Minion
92.9%
Lollipop
91.8%
Yolk
91.7%
Hill
91.6%
Hippo
88.1%
Pinky
87.5%
Hint Answer % Correct
Ohio
80.9%
Hulk
79.2%
Hook
78.2%
Monk
77.1%
Pupil
76%
Pumpkin
73.4%
Poppy
72.9%
Holly
63.2%
Link
55.6%
Kimono
52.4%
Polk
37.3%
Loon
31.8%
Remove Ads.
Support Sporcle.
Get the best of Sporcle when you Go Orange. This ad-free experience offers more features, more stats, and more fun while also helping to support Sporcle. Thank you for becoming a member.

You're not logged in!

Compare scores with friends on all Sporcle quizzes.
OR
Log In

Show Comments

Extras

Top Quizzes Today


Score Distribution

Your Account Isn't Verified!

In order to create a playlist on Sporcle, you need to verify the email address you used during registration. Go to your Sporcle Settings to finish the process.

Report this User

Report this user for behavior that violates our Community Guidelines.

Details: